[Event "Team Championship (women blitz)"]
[Site "Sochi"]
[Date "2017.10.05"]
[Round "8.1"]
[White "Ubiennykh, Ekaterina"]
[Black "Garifullina, Leya"]
[Result "1-0"]
[LiveChessVersion "1.4.8"]
[BlackElo "1872"]
[WhiteElo "2364"]

1. d4 {[%clk 0:03:03]} Nf6 {[%clk 0:03:02]} 2. c4 {[%clk 0:03:05]} e6
{[%clk 0:03:03]} 3. Nc3 {[%clk 0:03:05]} Bb4 {[%clk 0:03:04]} 4. e3
{[%clk 0:03:06]} b6 {[%clk 0:03:04]} 5. Nge2 {[%clk 0:03:06]} Ba6
{[%clk 0:03:05]} 6. Ng3 {[%clk 0:03:07]} d5 {[%clk 0:03:02]} 7. Qa4+
{[%clk 0:03:02]} Qd7 {[%clk 0:02:53]} 8. Qxb4 {[%clk 0:03:02]} dxc4
{[%clk 0:02:49]} 9. Bxc4 {[%clk 0:03:03]} Bxc4 10. Qxc4 {[%clk 0:03:04]} Nc6
{[%clk 0:02:47]} 11. O-O {[%clk 0:03:03]} O-O {[%clk 0:02:46]} 12. Bd2
{[%clk 0:03:03]} Na5 {[%clk 0:02:45]} 13. Qe2 {[%clk 0:03:04]} Nb7
{[%clk 0:02:45]} 14. Rfd1 {[%clk 0:03:03]} Qe7 {[%clk 0:02:46]} 15. Rac1
{[%clk 0:03:02]} c5 {[%clk 0:02:46]} 16. dxc5 {[%clk 0:02:59]} Nxc5
{[%clk 0:02:46]} 17. b4 {[%clk 0:03:00]} Nb7 {[%clk 0:02:44]} 18. Nce4
{[%clk 0:03:01]} Nd5 {[%clk 0:02:39]} 19. Qc4 {[%clk 0:02:53]} f5
{[%clk 0:02:30]} 20. Nc3 {[%clk 0:02:32]} Nxb4 {[%clk 0:02:30]} 21. a3
{[%clk 0:02:12]} Nd5 {[%clk 0:02:17]} 22. Nxd5 {[%clk 0:02:10]} exd5
{[%clk 0:02:18]} 23. Qxd5+ {[%clk 0:02:10]} Kh8 {[%clk 0:02:18]} 24. Bb4
{[%clk 0:02:09]} Nc5 {[%clk 0:02:17]} 25. Bxc5 {[%clk 0:01:56]} bxc5
{[%clk 0:02:16]} 26. Qxc5 {[%clk 0:01:56]} Qe6 {[%clk 0:02:03]} 27. Rd6
{[%clk 0:01:52]} Qf7 {[%clk 0:01:48]} 28. Rcd1 {[%clk 0:01:50]} Rac8
{[%clk 0:01:47]} 29. Qd5 {[%clk 0:01:47]} Qe8 {[%clk 0:01:13]} 30. Nxf5
{[%clk 0:01:44]} Qh5 {[%clk 0:00:52]} 31. Ne7 {[%clk 0:01:25]} Qh4
{[%clk 0:00:22]} 32. Nf5 {[%clk 0:01:24]} Qh5 {[%clk 0:00:22]} 33. Ng3
{[%clk 0:01:21]} Qh4 {[%clk 0:00:20]} 34. Qd4 {[%clk 0:01:05]} Qg5
{[%clk 0:00:16]} 35. Rd7 {[%clk 0:01:00]} h6 {[%clk 0:00:08]} 36. h4
{[%clk 0:01:01]} Qg6 {[%clk 0:00:08]} 37. Rd6 {[%clk 0:00:44]} Qf7
{[%clk 0:00:08]} 38. f4 {[%clk 0:00:39]} Rce8 {[%clk 0:00:03]} 39. Rxh6+
{[%clk 0:00:37]} Kg8 {[%clk 0:00:04]} 40. Rd6 {[%clk 0:00:36]} Qb3
{[%clk 0:00:03]} 41. Qd5+ {[%clk 0:00:34]} Qxd5 42. R1xd5 {[%clk 0:00:32]} Rxe3
{[%clk 0:00:05]} 43. Rd3 {[%clk 0:00:32]} Rxd3 {[%clk 0:00:05]} 44. Rxd3
{[%clk 0:00:33]} Rxf4 {[%clk 0:00:06]} 45. h5 {[%clk 0:00:34]} Kh7
{[%clk 0:00:07]} 46. Rf3 {[%clk 0:00:32]} Rc4 {[%clk 0:00:07]} 47. Nf5
{[%clk 0:00:32]} Rc5 {[%clk 0:00:07]} 48. Kf2 {[%clk 0:00:32]} Ra5
{[%clk 0:00:05]} 49. g4 {[%clk 0:00:33]} Rc5 {[%clk 0:00:06]} 50. Kg3
{[%clk 0:00:34]} g6 {[%clk 0:00:04]} 51. hxg6+ {[%clk 0:00:32]} Kxg6
{[%clk 0:00:06]} 52. Kh4 {[%clk 0:00:26]} Rc7 {[%clk 0:00:05]} 53. Rd3
{[%clk 0:00:25]} Rb7 {[%clk 0:00:04]} 54. Rd6+ {[%clk 0:00:26]} Kh7
{[%clk 0:00:05]} 55. Kh5 {[%clk 0:00:26]} Rb1 {[%clk 0:00:05]} 56. Rd7+
{[%clk 0:00:27]} Kg8 {[%clk 0:00:06]} 57. Rxa7 {[%clk 0:00:26]} Rg1
{[%clk 0:00:06]} 58. a4 {[%clk 0:00:25]} Rg2 {[%clk 0:00:06]} 59. a5
{[%clk 0:00:26]} Rh2+ {[%clk 0:00:07]} 60. Kg6 {[%clk 0:00:27]} 1-0

[Event "Team Championship (women blitz)"]
[Site "Sochi"]
[Date "2017.10.05"]
[Round "8.2"]
[White "Stepanyan, Eva"]
[Black "Bivol, Alina"]
[Result "0-1"]
[LiveChessVersion "1.4.8"]
[BlackElo "2308"]
[WhiteElo "1760"]

1. e4 {[%clk 0:03:03]} e6 {[%clk 0:03:04]} 2. d4 {[%clk 0:03:04]} d5
{[%clk 0:03:05]} 3. Nd2 {[%clk 0:03:06]} Be7 {[%clk 0:03:06]} 4. c3
{[%clk 0:02:59]} c5 {[%clk 0:03:03]} 5. e5 {[%clk 0:02:49]} Nc6 {[%clk 0:02:52]}
6. Bb5 {[%clk 0:02:28]} cxd4 {[%clk 0:02:46]} 7. cxd4 {[%clk 0:02:19]} Qb6
{[%clk 0:02:40]} 8. Bxc6+ {[%clk 0:02:12]} bxc6 {[%clk 0:02:40]} 9. Ne2
{[%clk 0:02:11]} Nh6 {[%clk 0:02:41]} 10. O-O {[%clk 0:01:59]} Nf5
{[%clk 0:02:42]} 11. Nb3 {[%clk 0:02:00]} O-O {[%clk 0:02:32]} 12. Bd2
{[%clk 0:01:54]} a5 {[%clk 0:02:30]} 13. Bc3 {[%clk 0:01:48]} a4 {[%clk 0:02:26]}
14. Nd2 {[%clk 0:01:42]} Ba6 {[%clk 0:02:26]} 15. Nf3 {[%clk 0:01:36]} c5
{[%clk 0:02:25]} 16. Re1 {[%clk 0:01:23]} Rfc8 {[%clk 0:02:12]} 17. Ng3
{[%clk 0:01:21]} Nxg3 {[%clk 0:01:52]} 18. hxg3 {[%clk 0:01:21]} a3
{[%clk 0:01:36]} 19. b3 {[%clk 0:01:15]} h6 {[%clk 0:01:38]} 20. Rc1
{[%clk 0:01:10]} c4 {[%clk 0:01:37]} 21. Nd2 {[%clk 0:00:56]} cxb3
{[%clk 0:01:37]} 22. Nxb3 {[%clk 0:00:54]} Bc4 {[%clk 0:01:38]} 23. Rb1
{[%clk 0:00:48]} Qa6 {[%clk 0:01:39]} 24. Bd2 {[%clk 0:00:33]} Rab8
{[%clk 0:01:35]} 25. Be3 {[%clk 0:00:33]} Bxb3 {[%clk 0:01:07]} 26. Rxb3
{[%clk 0:00:29]} Rxb3 {[%clk 0:00:50]} 27. Qxb3 {[%clk 0:00:29]} Rc4
{[%clk 0:00:34]} 28. Rb1 {[%clk 0:00:28]} Qc6 {[%clk 0:00:28]} 29. Qd3
{[%clk 0:00:26]} Rb4 {[%clk 0:00:22]} 30. Rxb4 {[%clk 0:00:19]} Bxb4
{[%clk 0:00:24]} 31. Qb3 {[%clk 0:00:17]} Be7 {[%clk 0:00:14]} 32. Kh2
{[%clk 0:00:17]} Kh7 {[%clk 0:00:14]} 33. Qb1+ {[%clk 0:00:13]} g6
{[%clk 0:00:15]} 34. Qb3 {[%clk 0:00:10]} Kg7 {[%clk 0:00:16]} 35. Qb1
{[%clk 0:00:12]} Qc4 {[%clk 0:00:15]} 36. Kh1 {[%clk 0:00:09]} Bb4
{[%clk 0:00:14]} 37. Kh2 {[%clk 0:00:10]} Bc3 {[%clk 0:00:14]} 38. Qc2
{[%clk 0:00:08]} Qb4 {[%clk 0:00:10]} 39. Qc1 {[%clk 0:00:08]} Qb2
{[%clk 0:00:11]} 40. Qd1 {[%clk 0:00:05]} Qxa2 {[%clk 0:00:11]} 41. Bc1
{[%clk 0:00:05]} Qa1 {[%clk 0:00:08]} 42. Qc2 {[%clk 0:00:04]} Bxd4
{[%clk 0:00:08]} 43. Bd2 {[%clk 0:00:05]} a2 {[%clk 0:00:09]} 44. Bxh6+
{[%clk 0:00:03]} Kxh6 {[%clk 0:00:09]} 45. g4 {[%clk 0:00:04]} Qb1
{[%clk 0:00:08]} 46. Qd2+ {[%clk 0:00:05]} Kg7 {[%clk 0:00:09]} 47. Qxd4
{[%clk 0:00:05]} a1=Q {[%clk 0:00:08]} 0-1

[Event "Team Championship (women blitz)"]
[Site "Sochi"]
[Date "2017.10.05"]
[Round "8.3"]
[White "Tomilova, Elena"]
[Black "Chekletsova, Darya"]
[Result "1-0"]
[LiveChessVersion "1.4.8"]
[BlackElo "1383"]
[WhiteElo "2279"]

1. d4 {[%clk 0:03:03]} d5 {[%clk 0:03:03]} 2. Nf3 {[%clk 0:03:04]} Nf6
{[%clk 0:03:04]} 3. Bg5 {[%clk 0:03:04]} e6 {[%clk 0:03:04]} 4. e3
{[%clk 0:03:03]} h6 {[%clk 0:03:04]} 5. Bh4 {[%clk 0:03:01]} Be7 {[%clk 0:03:05]}
6. Bd3 {[%clk 0:03:00]} O-O {[%clk 0:03:03]} 7. Nbd2 {[%clk 0:02:59]} Nbd7
{[%clk 0:03:00]} 8. c3 {[%clk 0:02:59]} c5 {[%clk 0:03:00]} 9. Ne5
{[%clk 0:02:57]} Nxe5 {[%clk 0:02:55]} 10. dxe5 {[%clk 0:02:58]} Nd7
{[%clk 0:02:55]} 11. Bxe7 {[%clk 0:02:47]} Qxe7 {[%clk 0:02:55]} 12. Nf3
{[%clk 0:02:44]} b6 {[%clk 0:02:48]} 13. a4 {[%clk 0:02:20]} Bb7 {[%clk 0:02:47]}
14. a5 {[%clk 0:02:16]} bxa5 {[%clk 0:02:30]} 15. Rxa5 {[%clk 0:02:15]} c4
{[%clk 0:02:31]} 16. Bc2 {[%clk 0:02:02]} Nc5 {[%clk 0:02:30]} 17. O-O
{[%clk 0:01:57]} a6 {[%clk 0:02:23]} 18. Nd4 {[%clk 0:01:55]} Qc7
{[%clk 0:01:59]} 19. Ra2 {[%clk 0:01:38]} Qxe5 {[%clk 0:01:52]} 20. Qg4
{[%clk 0:01:33]} Nd7 {[%clk 0:01:33]} 21. Rfa1 {[%clk 0:01:26]} Nf6
{[%clk 0:01:32]} 22. Qe2 {[%clk 0:01:24]} Rfd8 {[%clk 0:01:16]} 23. f4
{[%clk 0:01:22]} Qd6 {[%clk 0:01:16]} 24. h3 {[%clk 0:01:08]} Qc7
{[%clk 0:00:59]} 25. Ra5 {[%clk 0:01:05]} Qd6 {[%clk 0:00:55]} 26. Qf2
{[%clk 0:00:59]} Qc7 {[%clk 0:00:55]} 27. Qh4 {[%clk 0:00:57]} Qb6
{[%clk 0:00:48]} 28. R1a2 {[%clk 0:00:55]} Qc7 {[%clk 0:00:49]} 29. Kh1
{[%clk 0:00:51]} Qd6 {[%clk 0:00:49]} 30. Qf2 {[%clk 0:00:48]} Qc7
{[%clk 0:00:50]} 31. Qe1 {[%clk 0:00:46]} Qd6 {[%clk 0:00:51]} 32. R2a4
{[%clk 0:00:45]} Qc7 {[%clk 0:00:51]} 33. Qa1 {[%clk 0:00:46]} Qd7
{[%clk 0:00:41]} 34. Nf3 {[%clk 0:00:44]} Qd6 {[%clk 0:00:41]} 35. Ne5
{[%clk 0:00:41]} Rdc8 {[%clk 0:00:34]} 36. Ra3 {[%clk 0:00:41]} Qb6
{[%clk 0:00:33]} 37. Qe1 {[%clk 0:00:39]} Qd6 {[%clk 0:00:34]} 38. Qd2
{[%clk 0:00:33]} Qb6 {[%clk 0:00:35]} 39. Ra2 {[%clk 0:00:32]} Qd6
{[%clk 0:00:35]} 40. Qd4 {[%clk 0:00:30]} Kf8 {[%clk 0:00:23]} 41. Ra1
{[%clk 0:00:29]} Kg8 {[%clk 0:00:25]} 42. Rf1 {[%clk 0:00:29]} Qc7
{[%clk 0:00:20]} 43. Ra2 {[%clk 0:00:29]} Qd6 {[%clk 0:00:21]} 44. f5
{[%clk 0:00:29]} exf5 {[%clk 0:00:21]} 45. Bxf5 {[%clk 0:00:28]} Qc5
{[%clk 0:00:21]} 46. Bxc8 {[%clk 0:00:28]} Qxc8 {[%clk 0:00:21]} 47. Raa1
{[%clk 0:00:27]} Qe6 {[%clk 0:00:20]} 48. Rf2 {[%clk 0:00:25]} Ne4
{[%clk 0:00:18]} 49. Rf4 {[%clk 0:00:24]} Nf6 {[%clk 0:00:18]} 50. Raf1
{[%clk 0:00:23]} Ne4 {[%clk 0:00:12]} 51. Kh2 {[%clk 0:00:22]} Nf6
{[%clk 0:00:12]} 52. Nf3 {[%clk 0:00:20]} Rf8 {[%clk 0:00:12]} 53. Qe5
{[%clk 0:00:19]} Qd7 {[%clk 0:00:12]} 54. Nd4 {[%clk 0:00:18]} Ba8
{[%clk 0:00:11]} 55. Nf5 {[%clk 0:00:18]} Bb7 {[%clk 0:00:10]} 56. Nxg7
{[%clk 0:00:19]} Kxg7 {[%clk 0:00:10]} 57. Qxf6+ {[%clk 0:00:19]} Kg8
{[%clk 0:00:11]} 58. Rg4+ {[%clk 0:00:20]} Kh7 {[%clk 0:00:11]} 59. Qg7#
{[%clk 0:00:21]} 1-0

[Event "Team Championship (women blitz)"]
[Site "Sochi"]
[Date "2017.10.05"]
[Round "8.4"]
[White "Murzina, Agata"]
[Black "Travkina, Anastasia"]
[Result "0-1"]
[LiveChessVersion "1.4.8"]
[BlackElo "2099"]
[WhiteElo "1764"]

1. e4 {[%clk 0:03:00]} c5 {[%clk 0:03:04]} 2. Nf3 {[%clk 0:03:00]} d6
{[%clk 0:03:05]} 3. g3 {[%clk 0:03:01]} g6 {[%clk 0:03:05]} 4. Bg2
{[%clk 0:03:00]} Bg7 {[%clk 0:03:06]} 5. d4 {[%clk 0:03:00]} cxd4
{[%clk 0:03:05]} 6. Nxd4 {[%clk 0:03:01]} Nf6 {[%clk 0:03:05]} 7. Nc3
{[%clk 0:03:00]} O-O {[%clk 0:03:05]} 8. O-O {[%clk 0:02:59]} Nc6
{[%clk 0:03:01]} 9. h3 {[%clk 0:02:47]} Nxd4 {[%clk 0:02:58]} 10. Qxd4
{[%clk 0:02:45]} Bd7 {[%clk 0:02:56]} 11. Qb4 {[%clk 0:02:34]} Bc6
{[%clk 0:02:56]} 12. Be3 {[%clk 0:02:29]} Nd7 {[%clk 0:02:52]} 13. Nd5
{[%clk 0:02:04]} a5 {[%clk 0:02:42]} 14. Qb3 {[%clk 0:01:37]} a4 {[%clk 0:02:40]}
15. Qb4 {[%clk 0:01:38]} a3 {[%clk 0:02:40]} 16. c3 {[%clk 0:01:30]} axb2
{[%clk 0:02:11]} 17. Qxb2 {[%clk 0:01:31]} Nc5 {[%clk 0:02:05]} 18. Qc2
{[%clk 0:00:49]} Ra3 {[%clk 0:01:45]} 19. Bd4 {[%clk 0:00:46]} e5
{[%clk 0:01:35]} 20. Bxc5 {[%clk 0:00:38]} dxc5 {[%clk 0:01:35]} 21. Rad1
{[%clk 0:00:37]} Qa8 {[%clk 0:01:26]} 22. Rd2 {[%clk 0:00:35]} Qa5
{[%clk 0:01:06]} 23. Ne7+ {[%clk 0:00:34]} Kh8 {[%clk 0:01:06]} 24. Nxc6
{[%clk 0:00:33]} bxc6 {[%clk 0:01:06]} 25. Qb2 {[%clk 0:00:16]} Qxc3
{[%clk 0:00:58]} 26. Rc1 {[%clk 0:00:15]} Qxb2 {[%clk 0:00:56]} 27. Rxb2
{[%clk 0:00:15]} Ra5 {[%clk 0:00:43]} 28. Rbc2 {[%clk 0:00:13]} Bh6
{[%clk 0:00:39]} 29. Rxc5 {[%clk 0:00:09]} Rxa2 {[%clk 0:00:39]} 30. Rb1
{[%clk 0:00:08]} Rd8 {[%clk 0:00:32]} 31. Rxc6 {[%clk 0:00:08]} Rdd2
{[%clk 0:00:33]} 32. Rf1 {[%clk 0:00:08]} Be3 {[%clk 0:00:31]} 33. Rc8+
{[%clk 0:00:05]} Kg7 {[%clk 0:00:32]} 34. Rc3 {[%clk 0:00:03]} Bxf2+
{[%clk 0:00:29]} 35. Kh2 {[%clk 0:00:03]} Bd4 {[%clk 0:00:29]} 36. Rcf3
{[%clk 0:00:03]} Rxg2+ {[%clk 0:00:29]} 37. Kh1 {[%clk 0:00:04]} Rh2#
{[%clk 0:00:30]} 0-1

[Event "Team Championship (women blitz)"]
[Site "Sochi"]
[Date "2017.10.05"]
[Round "8.5"]
[White "Pogonina, Natalija"]
[Black "Bodnaruk, Anastasia"]
[Result "1/2-1/2"]
[LiveChessVersion "1.4.8"]
[BlackElo "2439"]
[WhiteElo "2401"]

1. d4 {[%clk 0:03:03]} Nf6 {[%clk 0:03:03]} 2. Nf3 {[%clk 0:03:03]} g6
{[%clk 0:03:04]} 3. Nbd2 {[%clk 0:03:03]} Bg7 {[%clk 0:02:54]} 4. e4
{[%clk 0:03:04]} d6 {[%clk 0:02:55]} 5. Bd3 {[%clk 0:03:04]} O-O {[%clk 0:02:56]}
6. O-O {[%clk 0:03:03]} c6 {[%clk 0:02:48]} 7. Re1 {[%clk 0:03:02]} Qc7
{[%clk 0:02:46]} 8. h3 {[%clk 0:02:59]} e5 {[%clk 0:02:46]} 9. dxe5
{[%clk 0:02:57]} dxe5 {[%clk 0:02:47]} 10. b3 {[%clk 0:02:40]} Nh5
{[%clk 0:02:42]} 11. Bb2 {[%clk 0:02:37]} Re8 {[%clk 0:02:18]} 12. Bf1
{[%clk 0:02:27]} Nf4 {[%clk 0:02:16]} 13. a4 {[%clk 0:02:24]} Be6
{[%clk 0:01:58]} 14. Nc4 {[%clk 0:02:19]} Rd8 {[%clk 0:01:45]} 15. Qc1
{[%clk 0:02:17]} f6 {[%clk 0:01:43]} 16. Ba3 {[%clk 0:01:56]} Na6
{[%clk 0:01:22]} 17. Kh2 {[%clk 0:01:40]} Rd7 {[%clk 0:01:13]} 18. g3
{[%clk 0:01:31]} Nh5 {[%clk 0:01:15]} 19. Ne3 {[%clk 0:01:23]} Bh6
{[%clk 0:00:42]} 20. Qb2 {[%clk 0:01:19]} Rad8 {[%clk 0:00:42]} 21. Bc4
{[%clk 0:01:15]} Re8 {[%clk 0:00:28]} 22. Bxe6+ {[%clk 0:00:52]} Rxe6
{[%clk 0:00:29]} 23. Qc3 {[%clk 0:00:50]} Qd8 {[%clk 0:00:23]} 24. Rad1
{[%clk 0:00:47]} Nc7 {[%clk 0:00:20]} 25. Rxd7 {[%clk 0:00:45]} Qxd7
{[%clk 0:00:21]} 26. Rd1 {[%clk 0:00:44]} Qe8 {[%clk 0:00:22]} 27. Nc4
{[%clk 0:00:37]} Bf8 {[%clk 0:00:21]} 28. Bxf8 {[%clk 0:00:36]} Qxf8
{[%clk 0:00:19]} 29. Rd7 {[%clk 0:00:33]} Re7 {[%clk 0:00:21]} 30. Qd2
{[%clk 0:00:30]} Qf7 {[%clk 0:00:04]} 31. Rxe7 Qxe7 32. Qd6 {[%clk 0:00:28]} Qxd6
{[%clk 0:00:07]} 33. Nxd6 {[%clk 0:00:29]} b5 {[%clk 0:00:07]} 34. Nc8
{[%clk 0:00:23]} Kf7 {[%clk 0:00:04]} 35. Nxa7 {[%clk 0:00:23]} bxa4
{[%clk 0:00:05]} 36. bxa4 c5 37. Nb5 {[%clk 0:00:23]} Na6 {[%clk 0:00:07]} 38.
Nd2 {[%clk 0:00:19]} Ke6 {[%clk 0:00:08]} 39. Nc4 {[%clk 0:00:18]} Ng7
{[%clk 0:00:09]} 40. Kg2 {[%clk 0:00:16]} f5 {[%clk 0:00:09]} 41. f3
{[%clk 0:00:16]} Ne8 {[%clk 0:00:10]} 42. Kf2 {[%clk 0:00:16]} Nf6
{[%clk 0:00:10]} 43. Ke3 {[%clk 0:00:17]} fxe4 {[%clk 0:00:10]} 44. fxe4
{[%clk 0:00:18]} g5 {[%clk 0:00:11]} 45. g4 {[%clk 0:00:17]} h5 {[%clk 0:00:12]}
46. Kf3 {[%clk 0:00:15]} hxg4+ {[%clk 0:00:10]} 47. hxg4 {[%clk 0:00:16]} Nb4
{[%clk 0:00:11]} 48. a5 {[%clk 0:00:14]} Na6 {[%clk 0:00:10]} 49. c3
{[%clk 0:00:14]} Nd7 {[%clk 0:00:09]} 50. Nb6 {[%clk 0:00:13]} Ndb8
{[%clk 0:00:08]} 51. Nd5 {[%clk 0:00:13]} Kd7 {[%clk 0:00:05]} 52. Ke3
{[%clk 0:00:10]} Nc6 {[%clk 0:00:06]} 53. Nb6+ {[%clk 0:00:09]} Ke6
{[%clk 0:00:07]} 54. Nc4 {[%clk 0:00:09]} Nab8 {[%clk 0:00:06]} 55. Nc7+
{[%clk 0:00:09]} Kf6 {[%clk 0:00:06]} 56. Nd5+ {[%clk 0:00:06]} Ke6
{[%clk 0:00:07]} 57. Nc7+ {[%clk 0:00:05]} Kd7 {[%clk 0:00:08]} 58. Nb5
{[%clk 0:00:04]} Ke6 {[%clk 0:00:09]} 59. Nc7+ {[%clk 0:00:05]} Kd7
{[%clk 0:00:11]} 60. Nd5 {[%clk 0:00:06]} Ke6 {[%clk 0:00:12]} 61. Kf3
{[%clk 0:00:07]} Na6 {[%clk 0:00:13]} 62. Ke3 {[%clk 0:00:08]} Kf7
{[%clk 0:00:11]} 63. Ndb6 {[%clk 0:00:06]} Ke6 {[%clk 0:00:12]} 64. Nd5
{[%clk 0:00:06]} Kf7 {[%clk 0:00:14]} 65. Kf3 {[%clk 0:00:07]} Ke6
{[%clk 0:00:15]} 66. Ke3 {[%clk 0:00:07]} Kf7 {[%clk 0:00:17]} 67. Kd3
{[%clk 0:00:07]} Ke6 {[%clk 0:00:18]} 68. Ke3 {[%clk 0:00:08]} Kf7
{[%clk 0:00:20]} 69. Kf3 {[%clk 0:00:08]} Ke6 {[%clk 0:00:21]} 70. Ke3
{[%clk 0:00:06]} Kf7 {[%clk 0:00:23]} 71. Kd3 {[%clk 0:00:08]} Ke6
{[%clk 0:00:24]} 72. Ke3 {[%clk 0:00:07]} 1/2-1/2

[Event "Team Championship (women blitz)"]
[Site "Sochi"]
[Date "2017.10.05"]
[Round "8.6"]
[White "Ovod, Evgenija"]
[Black "Girya, Olga"]
[Result "0-1"]
[LiveChessVersion "1.4.8"]
[BlackElo "2338"]
[WhiteElo "2191"]

1. d4 {[%clk 0:03:04]} d5 {[%clk 0:03:04]} 2. Bf4 {[%clk 0:03:05]} c5
{[%clk 0:03:03]} 3. e3 {[%clk 0:03:06]} cxd4 {[%clk 0:03:04]} 4. exd4
{[%clk 0:03:07]} Nc6 {[%clk 0:03:05]} 5. c3 {[%clk 0:03:07]} Bf5 {[%clk 0:03:06]}
6. Nd2 {[%clk 0:03:07]} e6 {[%clk 0:03:06]} 7. Ngf3 {[%clk 0:03:06]} Bd6
{[%clk 0:03:04]} 8. Bg3 {[%clk 0:02:47]} h6 {[%clk 0:02:42]} 9. Qb3
{[%clk 0:02:46]} Rb8 {[%clk 0:02:42]} 10. Ne5 {[%clk 0:02:15]} Nge7
{[%clk 0:02:42]} 11. Be2 {[%clk 0:02:00]} O-O {[%clk 0:02:42]} 12. O-O
{[%clk 0:02:00]} Nxe5 {[%clk 0:02:40]} 13. dxe5 {[%clk 0:01:56]} Bc5
{[%clk 0:02:38]} 14. Nf3 {[%clk 0:01:52]} Qb6 {[%clk 0:02:32]} 15. Rad1
{[%clk 0:01:25]} Nc6 {[%clk 0:02:30]} 16. Rd2 {[%clk 0:01:11]} Rbc8
{[%clk 0:02:27]} 17. Qd1 {[%clk 0:01:03]} Qc7 {[%clk 0:02:22]} 18. Re1
{[%clk 0:01:00]} a6 {[%clk 0:02:20]} 19. Bd3 {[%clk 0:00:59]} Ne7
{[%clk 0:02:09]} 20. h3 {[%clk 0:00:59]} Bxd3 {[%clk 0:01:57]} 21. Rxd3
{[%clk 0:01:00]} Nf5 {[%clk 0:01:56]} 22. Bf4 {[%clk 0:01:01]} Qb6
{[%clk 0:01:54]} 23. Re2 {[%clk 0:01:00]} a5 {[%clk 0:01:48]} 24. g4
{[%clk 0:01:01]} Ne7 {[%clk 0:01:36]} 25. Nd4 Bxd4 {[%clk 0:01:36]} 26. Rxd4
{[%clk 0:00:56]} Nc6 {[%clk 0:01:28]} 27. Rd3 {[%clk 0:00:57]} Qa6
{[%clk 0:01:27]} 28. Kg2 {[%clk 0:00:55]} Qc4 {[%clk 0:01:28]} 29. Bg3
{[%clk 0:00:53]} Qxa2 {[%clk 0:01:27]} 30. f4 {[%clk 0:00:52]} Qc4
{[%clk 0:01:26]} 31. f5 {[%clk 0:00:50]} Rfe8 {[%clk 0:00:54]} 32. Rf3
{[%clk 0:00:28]} d4 {[%clk 0:00:48]} 33. Re4 {[%clk 0:00:23]} Qd5
{[%clk 0:00:46]} 34. Qe2 {[%clk 0:00:21]} dxc3 {[%clk 0:00:33]} 35. bxc3
{[%clk 0:00:23]} Rcd8 {[%clk 0:00:33]} 36. fxe6 {[%clk 0:00:14]} Rxe6
{[%clk 0:00:31]} 37. h4 {[%clk 0:00:10]} Qd2 {[%clk 0:00:31]} 38. Kh3
{[%clk 0:00:10]} Qxe2 {[%clk 0:00:30]} 39. Rxe2 {[%clk 0:00:11]} b5
{[%clk 0:00:31]} 40. Rb2 {[%clk 0:00:10]} Rd5 {[%clk 0:00:31]} 41. h5
{[%clk 0:00:09]} Nxe5 {[%clk 0:00:31]} 42. Bxe5 {[%clk 0:00:10]} Rdxe5
{[%clk 0:00:32]} 43. Kg3 {[%clk 0:00:09]} Rc6 {[%clk 0:00:30]} 44. Rd3
{[%clk 0:00:09]} Rec5 {[%clk 0:00:29]} 45. Kh4 {[%clk 0:00:09]} a4
{[%clk 0:00:25]} 46. Rd8+ {[%clk 0:00:08]} Kh7 {[%clk 0:00:27]} 47. Rb8
{[%clk 0:00:09]} a3 {[%clk 0:00:24]} 48. R2xb5 {[%clk 0:00:09]} Rxb5
{[%clk 0:00:23]} 49. Rxb5 {[%clk 0:00:10]} Rxc3 {[%clk 0:00:23]} 50. Ra5
{[%clk 0:00:11]} g5+ {[%clk 0:00:14]} 51. hxg6+ {[%clk 0:00:12]} Kxg6
{[%clk 0:00:09]} 52. Ra6+ {[%clk 0:00:10]} f6 {[%clk 0:00:10]} 53. Ra5
{[%clk 0:00:11]} Rb3 {[%clk 0:00:11]} 54. Ra7 {[%clk 0:00:08]} Rd3
{[%clk 0:00:10]} 55. Ra5 {[%clk 0:00:08]} Kf7 {[%clk 0:00:11]} 56. Ra6
{[%clk 0:00:06]} Rc3 {[%clk 0:00:11]} 57. Ra5 {[%clk 0:00:06]} Ke6
{[%clk 0:00:13]} 58. Kh5 {[%clk 0:00:06]} Rh3+ {[%clk 0:00:13]} 59. Kg6
{[%clk 0:00:07]} Rg3 {[%clk 0:00:14]} 60. Ra6+ {[%clk 0:00:06]} Ke5
{[%clk 0:00:14]} 61. Ra5+ {[%clk 0:00:07]} Kd4 {[%clk 0:00:15]} 62. Kxh6
{[%clk 0:00:04]} Kc4 {[%clk 0:00:15]} 63. Kh5 {[%clk 0:00:00]} Kb4
{[%clk 0:00:15]} 64. Ra6 {[%clk 0:00:00]} Rf3 {[%clk 0:00:15]} 0-1

[Event "Team Championship (women blitz)"]
[Site "Sochi"]
[Date "2017.10.05"]
[Round "8.8"]
[White "Styazhkina, Anna"]
[Black "Kovanova, Baira"]
[Result "0-1"]
[LiveChessVersion "1.4.8"]
[BlackElo "2286"]
[WhiteElo "2198"]

1. e4 {[%clk 0:03:03]} e5 {[%clk 0:03:03]} 2. Nf3 {[%clk 0:03:03]} Nc6
{[%clk 0:03:03]} 3. Bc4 {[%clk 0:03:03]} Nf6 {[%clk 0:03:00]} 4. d3
{[%clk 0:03:02]} Be7 {[%clk 0:03:01]} 5. c3 {[%clk 0:02:58]} d6 {[%clk 0:03:01]}
6. Bb3 {[%clk 0:02:56]} O-O {[%clk 0:03:01]} 7. Nbd2 {[%clk 0:02:56]} Na5
{[%clk 0:03:00]} 8. Bc2 {[%clk 0:02:57]} c5 {[%clk 0:03:00]} 9. Nf1
{[%clk 0:02:55]} Nc6 {[%clk 0:03:00]} 10. Ng3 {[%clk 0:02:49]} h6
{[%clk 0:02:59]} 11. O-O {[%clk 0:02:46]} Re8 {[%clk 0:02:57]} 12. Qe2
{[%clk 0:02:44]} Bf8 {[%clk 0:02:52]} 13. h3 {[%clk 0:02:24]} d5 {[%clk 0:02:51]}
14. Nh4 {[%clk 0:02:00]} g6 {[%clk 0:02:28]} 15. f4 {[%clk 0:01:31]} Nxe4
{[%clk 0:01:11]} 16. dxe4 {[%clk 0:01:06]} Qxh4 {[%clk 0:01:11]} 17. exd5
{[%clk 0:01:06]} Qxg3 {[%clk 0:00:55]} 18. dxc6 {[%clk 0:01:05]} e4
{[%clk 0:00:30]} 19. cxb7 {[%clk 0:00:52]} Bxb7 {[%clk 0:00:30]} 20. Be3
{[%clk 0:00:36]} Rab8 {[%clk 0:00:25]} 21. Rad1 {[%clk 0:00:29]} Bc6
{[%clk 0:00:24]} 22. b3 {[%clk 0:00:28]} c4 {[%clk 0:00:22]} 23. b4
{[%clk 0:00:27]} Bg7 {[%clk 0:00:20]} 24. Bd4 {[%clk 0:00:19]} e3
{[%clk 0:00:16]} 25. Bxg7 {[%clk 0:00:11]} Kxg7 {[%clk 0:00:17]} 26. f5
{[%clk 0:00:09]} Bxg2 {[%clk 0:00:10]} 27. Qxg2 {[%clk 0:00:07]} Qxg2+
{[%clk 0:00:10]} 28. Kxg2 {[%clk 0:00:07]} e2 {[%clk 0:00:11]} 29. fxg6
{[%clk 0:00:05]} exf1=Q+ {[%clk 0:00:09]} 30. Rxf1 {[%clk 0:00:06]} Re2+
{[%clk 0:00:09]} 31. Rf2 {[%clk 0:00:04]} Rxf2+ {[%clk 0:00:09]} 32. Kxf2
{[%clk 0:00:05]} fxg6 {[%clk 0:00:10]} 33. Ke3 {[%clk 0:00:05]} Rd8
{[%clk 0:00:11]} 34. Be4 {[%clk 0:00:04]} Kf6 {[%clk 0:00:12]} 35. a4
{[%clk 0:00:05]} g5 {[%clk 0:00:12]} 36. a5 {[%clk 0:00:05]} Ke5 {[%clk 0:00:14]}
37. b5 {[%clk 0:00:06]} Rb8 {[%clk 0:00:13]} 38. Bc6 {[%clk 0:00:06]} h5
{[%clk 0:00:14]} 39. Kf3 {[%clk 0:00:04]} Rf8+ {[%clk 0:00:14]} 40. Ke3
{[%clk 0:00:05]} g4 {[%clk 0:00:15]} 41. hxg4 {[%clk 0:00:06]} hxg4
{[%clk 0:00:16]} 42. b6 {[%clk 0:00:04]} axb6 {[%clk 0:00:16]} 43. axb6
{[%clk 0:00:07]} Rb8 {[%clk 0:00:15]} 44. b7 {[%clk 0:00:07]} Rg8
{[%clk 0:00:14]} 45. Bg2 {[%clk 0:00:07]} g3 {[%clk 0:00:14]} 46. Bc6
{[%clk 0:00:07]} Rb8 {[%clk 0:00:13]} 47. Kf3 {[%clk 0:00:07]} Kd6
{[%clk 0:00:14]} 48. Be4 {[%clk 0:00:07]} Rg8 {[%clk 0:00:13]} 49. Ke3
{[%clk 0:00:07]} Kc7 {[%clk 0:00:13]} 50. Bg2 {[%clk 0:00:08]} Rf8
{[%clk 0:00:12]} 51. Bf3 {[%clk 0:00:06]} Re8+ {[%clk 0:00:14]} 52. Kd4
{[%clk 0:00:06]} Re1 {[%clk 0:00:13]} 53. Kxc4 {[%clk 0:00:05]} Re3
{[%clk 0:00:13]} 54. Bg2 {[%clk 0:00:05]} Re2 {[%clk 0:00:14]} 55. Bf3
{[%clk 0:00:06]} g2 {[%clk 0:00:15]} 56. Kd4 0-1